00450cam a2200157ua 45000010005000000080039000050400009000440820010000531000032000632450069000952500009001642600036001733000021002096530014002306530048002441495111125n ii |||gr||||Z||||||eng cMAIN a304.6 aGoswami, Homeswami,d1943-,1 aPopulation trends in the brahmaputra valleycby Homeswar Goswami a1st. aDelhi:bMittal Publication,985. axiv;206p:c23cm. aSociology apopulation trends in the brahmaputra valley